Sean's Favourite things - Statistics

General Stats
  • This quiz has been taken 14 times
    4 since last reset
  • The average score is 5 of 15
Answer Stats
Answer % Correct
Black
100%
Blue
100%
Minecraft
75%
Portal (Series)
50%
Roblox
50%
Counter Strike 2
25%
OneShot
25%
Rec Room
25%
VR Chat
25%
VTOL VR
25%
Donut County
0%
Onward VR
0%
Papers, Please
0%
Skyrim: The Elder Scrolls V
0%
Tomodachi Life
0%
No matching quizzes found
Score Distribution
Percent of People with Each Score
Percentile by Number Answered
Your Score History
You have not taken this quiz since the last reset